[Event "VIII Iberoamericano Mexico 2022"]
[Site "Mexico City"]
[Date "2022.02.19"]
[Round "9.16"]
[White "Valdes Romero, Leonardo"]
[Black "Estrada Nieto, Julian"]
[Result "1/2-1/2"]
[WhiteElo "2404"]
[BlackElo "2253"]
[Annotator "NA"]
[PlyCount "34"]
[EventDate "2022.02.12"]
[EventType "swiss"]
[EventCountry "MEX"]
[SourceTitle "playchess.com"]
[Source "ChessBase"]
[SourceQuality "1"]
[TimeControl "5400+30"]

1. Nf3 {[%emt 0:00:50]} d5 {[%emt 0:06:48]} 2. d4 {[%emt 0:02:08]} Nf6 {[%emt 0:00:07]} 3. e3 {[%emt 0:00:04]} e6 {[%emt 0:01:11]} 4. Nbd2 {[%emt 0:01:25]} c5 {[%emt 0:09:16]} 5. c3 {[%emt 0:00:58]} Nc6 {[%emt 0:02:03]} 6. Bd3 {[%emt 0:00:09]} Bd6 {[%emt 0:02:24]} 7. O-O {[%emt 0:00:54]} O-O {[%emt 0:00:08]} 8. dxc5 {[%emt 0:02:09]} Bxc5 {[%emt 0:00:37]} 9. e4 {[%emt 0:00:05]} Qc7 {[%emt 0:16:41]} 10. Qe2 {[%emt 0:00:54]} Ne5 {[%emt 0:01:53]} (10... b6 $11) 11. Nxe5 {[%emt 0:04:05]} Qxe5 {[%emt 0:00:04]} 12. Nf3 {[%emt 0:00:05]} Qh5 {[%emt 0:00:21]} 13. e5 $1 {[%emt 0:00:25]} Nd7 $14 {[%emt 0:00:19]} 14. h3 {[%emt 0:10:40]} f6 {[%emt 0:01:19]} 15. exf6 {[%emt 0:00:19]} Nxf6 {[%emt 0:54:49]} 16. Bf4 {[%emt 1:13:20]} Bd7 {[%emt 0:00:30]} 17. Bc1 {[%emt 0:00:30]} Bc8 {[%emt 0:00:30]} 1/2-1/2

[Event "VIII Iberoamericano Mexico 2022"]
[Site "Mexico City"]
[Date "2022.02.19"]
[Round "9.17"]
[White "Diaz Rosas, Julio Cesar"]
[Black "Tapie Amione, Pablo Adib"]
[Result "1/2-1/2"]
[WhiteElo "2393"]
[BlackElo "2241"]
[Annotator "NA"]
[PlyCount "24"]
[EventDate "2022.02.12"]
[EventType "swiss"]
[EventCountry "MEX"]
[SourceTitle "playchess.com"]
[Source "ChessBase"]
[SourceQuality "1"]
[TimeControl "5400+30"]

1. e4 {[%emt 0:00:14]} c5 {[%emt 0:10:20]} 2. Nf3 {[%emt 0:00:09]} d6 {[%emt 0:00:20]} 3. Bb5+ {[%emt 0:00:08]} Bd7 {[%emt 0:00:07]} 4. Bxd7+ {[%emt 0:00:09]} Nxd7 {[%emt 0:00:07]} 5. O-O {[%emt 0:00:08]} Ngf6 {[%emt 0:00:04]} 6. Re1 {[%emt 0:00:07]} e6 {[%emt 0:00:28]} 7. c3 {[%emt 0:00:10]} Be7 {[%emt 0:00:10]} 8. d4 {[%emt 0:00:08]} O-O {[%emt 0:00:12]} 9. a4 {[%emt 0:00:10]} Rc8 {[%emt 0:11:04]} 10. Nbd2 {[%emt 0:00:21]} a6 {[%emt 0:06:57]} 11. Qe2 {[%emt 0:09:18]} Qc7 {[%emt 0:06:50]} 12. a5 $15 {[%emt 0:14:32]} cxd4 {[%emt 0:03:08]} 1/2-1/2

[Event "VIII Iberoamericano Mexico 2022"]
[Site "Mexico City"]
[Date "2022.02.19"]
[Round "9.18"]
[White "Miranda Rodriguez, Tania"]
[Black "Leon Valdes, Jony Wilson"]
[Result "0-1"]
[WhiteElo "2174"]
[BlackElo "2392"]
[Annotator "NA"]
[PlyCount "76"]
[EventDate "2022.02.12"]
[EventType "swiss"]
[EventCountry "MEX"]
[SourceTitle "playchess.com"]
[Source "ChessBase"]
[SourceQuality "1"]
[TimeControl "5400+30"]

1. e4 {[%emt 0:00:04]} e6 {[%emt 0:04:15]} 2. d4 {[%emt 0:00:07]} d5 {[%emt 0:00:05]} 3. Nd2 {[%emt 0:00:21]} a5 {[%emt 0:01:13]} 4. a4 {[%emt 0:00:24]} Nf6 {[%emt 0:04:04]} 5. e5 {[%emt 0:00:55]} Nfd7 {[%emt 0:00:05]} 6. f4 {[%emt 0:01:45]} c5 {[%emt 0:00:13]} 7. c3 {[%emt 0:00:52]} Nc6 {[%emt 0:00:14]} 8. Ndf3 {[%emt 0:01:03]} Qb6 {[%emt 0:01:57]} 9. g3 {[%emt 0:01:57]} cxd4 {[%emt 0:01:16]} 10. cxd4 {[%emt 0:00:07]} f6 {[%emt 0:00:06]} 11. Bd3 {[%emt 0:01:59]} Nb4 {[%emt 0:01:55]} 12. Bb1 {[%emt 0:02:00]} Be7 {[%emt 0:06:04]} 13. Kf1 {[%emt 0:04:11]} Nb8 {[%emt 0:00:59]} 14. Kg2 {[%emt 0:01:16]} N8c6 {[%emt 0:01:23]} 15. h4 {[%emt 0:01:57]} Bd7 {[%emt 0:00:07]} 16. h5 {[%emt 0:06:57]} O-O-O {[%emt 0:02:39]} 17. Ne2 $11 {[%emt 0:04:47]} Kb8 {[%emt 0:09:43]} 18. h6 {[%emt 0:07:41]} g6 {[%emt 0:01:29]} 19. exf6 {[%emt 0:02:37]} Bxf6 {[%emt 0:00:05]} 20. Ne5 {[%emt 0:02:52]} Be8 {[%emt 0:01:31]} 21. Ra3 {[%emt 0:01:42]} Ka8 {[%emt 0:04:09]} 22. Be3 {[%emt 0:05:20]} Rf8 {[%emt 0:14:49]} 23. Rf1 {[%emt 0:07:20]} Ne7 {[%emt 0:02:36]} 24. g4 {[%emt 0:04:21]} Nc8 {[%emt 0:00:15]} 25. Rc3 {[%emt 0:06:32]} Nd6 {[%emt 0:00:42]} 26. b3 {[%emt 0:00:54]} Ne4 {[%emt 0:04:50]} 27. Bxe4 {[%emt 0:03:58]} dxe4 {[%emt 0:01:26]} 28. Ng3 {[%emt 0:05:36]} Nd5 {[%emt 0:02:30]} 29. Qc1 {[%emt 0:04:14]} Nxc3 {[%emt 0:04:43]} 30. Qxc3 {[%emt 0:00:04]} Bxe5 {[%emt 0:02:07]} 31. dxe5 {[%emt 0:04:56]} Qb4 {[%emt 0:00:22]} 32. Qc7 {[%emt 0:05:34]} Bc6 {[%emt 0:00:21]} 33. Qxh7 {[%emt 0:01:59]} Qc3 {[%emt 0:07:39]} 34. Kf2 {[%emt 0:02:47]} Rd2+ {[%emt 0:12:44]} 35. Ne2 {[%emt 0:01:44]} Rxe2+ {[%emt 0:00:36]} 36. Kxe2 {[%emt 0:00:11]} Qc2+ {[%emt 0:00:05]} 37. Bd2 {[%emt 0:01:48]} Qd3+ {[%emt 0:00:49]} 38. Ke1 {[%emt 0:00:32]} e3 {[%emt 0:00:14]} 0-1

[Event "VIII Iberoamericano Mexico 2022"]
[Site "Mexico City"]
[Date "2022.02.19"]
[Round "9.19"]
[White "Gemy, Jose Daniel"]
[Black "Hernandez Jimenez, Alexander Andres"]
[Result "1-0"]
[WhiteElo "2381"]
[BlackElo "2167"]
[Annotator "NA"]
[PlyCount "79"]
[EventDate "2022.02.12"]
[EventType "swiss"]
[EventCountry "MEX"]
[SourceTitle "playchess.com"]
[Source "ChessBase"]
[SourceQuality "1"]
[TimeControl "5400+30"]

1. e4 {[%emt 0:02:13]} c5 {[%emt 0:03:00]} 2. Nf3 {[%emt 0:00:09]} g6 {[%emt 0:01:00]} 3. c3 {[%emt 0:00:09]} Bg7 {[%emt 0:01:51]} 4. d4 {[%emt 0:00:07]} cxd4 {[%emt 0:02:27]} 5. cxd4 {[%emt 0:00:03]} d5 {[%emt 0:00:27]} 6. e5 {[%emt 0:00:22]} Nc6 {[%emt 0:01:53]} 7. Bb5 {[%emt 0:00:19]} Bg4 {[%emt 0:01:12]} 8. Bxc6+ {[%emt 0:00:16]} bxc6 {[%emt 0:00:03]} 9. Nbd2 {[%emt 0:02:00]} Nh6 {[%emt 0:10:49]} 10. Nb3 {[%emt 0:02:39]} f6 {[%emt 0:11:46]} 11. exf6 {[%emt 0:09:08]} exf6 {[%emt 0:00:09]} 12. O-O {[%emt 0:00:07]} O-O {[%emt 0:00:12]} 13. h3 {[%emt 0:00:04]} Bxf3 $14 {[%emt 0:10:23]} 14. Qxf3 {[%emt 0:00:04]} Nf5 {[%emt 0:00:05]} 15. Bf4 {[%emt 0:01:30]} Qb6 {[%emt 0:03:42]} 16. Qc3 {[%emt 0:03:38]} Rfe8 {[%emt 0:02:36]} 17. Rac1 {[%emt 0:04:28]} Re4 {[%emt 0:03:43]} 18. Bd2 {[%emt 0:04:35]} Rc8 {[%emt 0:05:18]} 19. Rce1 {[%emt 0:09:36]} Rce8 {[%emt 0:03:53]} 20. Nc5 {[%emt 0:10:48]} Rxe1 {[%emt 0:00:13]} 21. Rxe1 {[%emt 0:00:10]} Rxe1+ {[%emt 0:00:06]} 22. Bxe1 {[%emt 0:00:03]} Qb5 {[%emt 0:05:30]} 23. g4 {[%emt 0:03:33]} Nd6 {[%emt 0:06:21]} 24. Qe3 {[%emt 0:00:17]} Ne4 {[%emt 0:01:06]} 25. Nxe4 {[%emt 0:00:41]} dxe4 {[%emt 0:00:02]} 26. Qxe4 {[%emt 0:00:13]} Kf7 {[%emt 0:02:22]} 27. Bc3 {[%emt 0:01:57]} f5 {[%emt 0:00:20]} 28. Qf4 {[%emt 0:00:12]} h5 {[%emt 0:07:20]} 29. gxh5 {[%emt 0:04:06]} gxh5 {[%emt 0:00:04]} 30. Qg5 {[%emt 0:00:12]} Bf6 {[%emt 0:03:38]} 31. Qxh5+ {[%emt 0:00:21]} Kg7 {[%emt 0:00:01]} 32. Qf3 {[%emt 0:00:28]} Kg6 {[%emt 0:00:07]} 33. Qg3+ {[%emt 0:00:21]} Kh5 {[%emt 0:01:16]} 34. Qc7 {[%emt 0:00:53]} Qd3 {[%emt 0:03:23]} 35. Qf7+ {[%emt 0:01:18]} Kg5 {[%emt 0:00:02]} 36. h4+ {[%emt 0:00:34]} Kg4 {[%emt 0:01:55]} 37. Qxf6 {[%emt 0:00:41]} Kh3 {[%emt 0:00:38]} 38. Qe5 {[%emt 0:03:06]} Qd1+ {[%emt 0:00:10]} 39. Be1 {[%emt 0:03:16]} f4 {[%emt 0:00:48]} 40. Qe6+ {[%emt 0:00:05]} 1-0

[Event "VIII Iberoamericano Mexico 2022"]
[Site "Mexico City"]
[Date "2022.02.19"]
[Round "9.20"]
[White "Santos, Jose Guilherme B Lim"]
[Black "Real Pereyra, Jeronimo"]
[Result "1-0"]
[WhiteElo "2363"]
[BlackElo "2147"]
[Annotator "NA"]
[PlyCount "129"]
[EventDate "2022.02.12"]
[EventType "swiss"]
[EventCountry "MEX"]
[SourceTitle "playchess.com"]
[Source "ChessBase"]
[SourceQuality "1"]
[TimeControl "5400+30"]

1. d4 {[%emt 0:00:03]} Nf6 {[%emt 0:19:45]} 2. c4 {[%emt 0:00:29]} e6 {[%emt 0:00:13]} 3. Nf3 {[%emt 0:00:07]} d5 {[%emt 0:00:04]} 4. Nc3 {[%emt 0:00:15]} Be7 {[%emt 0:00:05]} 5. Bf4 {[%emt 0:00:06]} O-O {[%emt 0:00:06]} 6. e3 {[%emt 0:00:05]} b6 {[%emt 0:00:06]} 7. a3 {[%emt 0:03:38]} c5 $11 {[%emt 0:09:41]} 8. Qc2 {[%emt 0:04:08]} Nc6 {[%emt 0:05:42]} 9. Rd1 {[%emt 0:00:39]} cxd4 {[%emt 0:01:08]} 10. Nxd4 {[%emt 0:00:13]} Nxd4 {[%emt 0:00:58]} 11. Rxd4 {[%emt 0:00:04]} Bb7 {[%emt 0:03:42]} 12. cxd5 {[%emt 0:00:10]} exd5 {[%emt 0:02:08]} 13. Be2 {[%emt 0:00:29]} Qc8 {[%emt 0:03:10]} 14. Qb3 {[%emt 0:13:26]} Bc5 {[%emt 0:02:03]} 15. Rd1 {[%emt 0:00:46]} Qf5 {[%emt 0:04:19]} 16. Nb5 {[%emt 0:03:39]} d4 {[%emt 0:16:32]} 17. Nxd4 {[%emt 0:03:56]} Bxd4 {[%emt 0:00:10]} 18. Rxd4 {[%emt 0:00:05]} Bxg2 {[%emt 0:00:36]} 19. Rg1 {[%emt 0:00:12]} Qh3 {[%emt 0:12:14]} 20. f3 {[%emt 0:07:07]} Rad8 {[%emt 0:01:41]} 21. Rxd8 {[%emt 0:24:56]} Rxd8 {[%emt 0:00:16]} 22. Bc7 {[%emt 0:11:06]} Rc8 {[%emt 0:03:01]} 23. Bg3 {[%emt 0:00:17]} h5 {[%emt 0:01:49]} 24. Qa4 {[%emt 0:02:21]} Qe6 {[%emt 0:07:35]} 25. Kf2 {[%emt 0:00:10]} Bh3 {[%emt 0:00:28]} 26. Rd1 {[%emt 0:02:01]} Bf5 {[%emt 0:03:20]} 27. Rd2 {[%emt 0:01:56]} Re8 {[%emt 0:01:36]} 28. Qd4 {[%emt 0:00:04]} Bg6 {[%emt 0:00:58]} 29. Bh4 {[%emt 0:01:10]} Qh3 {[%emt 0:00:16]} 30. Bg3 {[%emt 0:00:27]} Qe6 {[%emt 0:00:36]} 31. Bc4 {[%emt 0:00:09]} Qh3 {[%emt 0:00:17]} 32. Bf1 {[%emt 0:00:15]} Qe6 {[%emt 0:00:06]} 33. Bh4 {[%emt 0:00:24]} Qf5 {[%emt 0:01:13]} 34. Kg2 {[%emt 0:01:54]} Qe6 {[%emt 0:00:31]} 35. Bf2 {[%emt 0:01:34]} Qf5 {[%emt 0:00:28]} 36. Qh4 {[%emt 0:02:38]} Qa5 {[%emt 0:00:33]} 37. Be1 {[%emt 0:02:03]} Qc5 {[%emt 0:00:18]} 38. Bf2 {[%emt 0:00:30]} Qa5 {[%emt 0:00:04]} 39. Rd4 {[%emt 0:06:07]} Qe5 {[%emt 0:00:44]} 40. Qg3 {[%emt 0:01:07]} Qa5 {[%emt 0:00:30]} 41. h4 {[%emt 0:00:25]} Qc5 {[%emt 0:00:49]} 42. Bc4 {[%emt 0:00:20]} Kh7 {[%emt 0:00:23]} 43. e4 {[%emt 0:01:45]} Qc6 {[%emt 0:00:39]} 44. Qg5 {[%emt 0:00:55]} Qc7 {[%emt 0:00:14]} 45. Bg3 {[%emt 0:00:38]} Qc8 {[%emt 0:00:20]} 46. e5 {[%emt 0:01:06]} Qc5 {[%emt 0:00:43]} 47. Qd2 {[%emt 0:00:33]} Ng8 {[%emt 0:00:58]} 48. b4 {[%emt 0:00:04]} Qc8 {[%emt 0:00:16]} 49. Bb5 {[%emt 0:00:05]} Rf8 {[%emt 0:00:14]} 50. Rd7 {[%emt 0:01:37]} Nh6 {[%emt 0:01:09]} 51. Rxa7 {[%emt 0:01:51]} Nf5 {[%emt 0:00:02]} 52. Rd7 {[%emt 0:00:43]} Nxg3 {[%emt 0:01:00]} 53. Kxg3 {[%emt 0:00:05]} Qa8 {[%emt 0:00:35]} 54. Qe3 {[%emt 0:00:06]} Re8 {[%emt 0:00:18]} 55. Rd6 {[%emt 0:00:09]} Re6 {[%emt 0:00:24]} 56. a4 {[%emt 0:01:30]} Qb8 {[%emt 0:00:08]} 57. Qd4 {[%emt 0:00:28]} Qc7 {[%emt 0:00:17]} 58. Bc4 {[%emt 0:00:23]} Re8 {[%emt 0:00:48]} 59. Rxb6 {[%emt 0:03:00]} f6 {[%emt 0:01:00]} 60. Qc5 {[%emt 0:01:07]} Qd8 {[%emt 0:00:40]} 61. Rd6 {[%emt 0:00:43]} Qa8 {[%emt 0:00:26]} 62. exf6 {[%emt 0:00:42]} Qb8 {[%emt 0:00:14]} 63. Qb6 {[%emt 0:00:10]} Qa8 {[%emt 0:00:10]} 64. Qc7 {[%emt 0:00:11]} Rg8 {[%emt 0:00:25]} 65. Bxg8+ {[%emt 0:00:05]} 1-0

[Event "VIII Iberoamericano Mexico 2022"]
[Site "Mexico City"]
[Date "2022.02.19"]
[Round "9.21"]
[White "Perez Garcia, Rodney Oscar"]
[Black "Ruiz Perez, Juan Octavio"]
[Result "1/2-1/2"]
[WhiteElo "2331"]
[BlackElo "2074"]
[Annotator "NA"]
[PlyCount "29"]
[EventDate "2022.02.12"]
[EventType "swiss"]
[EventCountry "MEX"]
[SourceTitle "playchess.com"]
[Source "ChessBase"]
[SourceQuality "1"]
[TimeControl "5400+30"]

1. e4 {[%emt 0:00:05]} c5 {[%emt 0:00:07]} 2. Nf3 {[%emt 0:00:13]} d6 {[%emt 0:00:07]} 3. Bb5+ {[%emt 0:00:21]} Nd7 {[%emt 0:00:18]} 4. d4 {[%emt 0:00:29]} cxd4 {[%emt 0:00:18]} 5. Qxd4 $11 {[%emt 0:00:30]} a6 {[%emt 0:00:19]} 6. Bxd7+ {[%emt 0:00:35]} Bxd7 {[%emt 0:00:08]} 7. O-O {[%emt 0:02:25]} e5 {[%emt 0:00:07]} 8. Qd3 {[%emt 0:00:11]} h6 {[%emt 0:01:30]} 9. c4 {[%emt 0:00:26]} Nf6 {[%emt 0:00:35]} 10. Nc3 {[%emt 0:00:18]} Rc8 {[%emt 0:00:25]} 11. a4 {[%emt 0:01:47]} Qc7 {[%emt 0:01:19]} 12. b3 {[%emt 0:00:24]} Be7 {[%emt 0:04:39]} 13. Ba3 {[%emt 0:00:37]} Bc6 {[%emt 0:01:48]} 14. Rfd1 {[%emt 0:00:21]} Rd8 {[%emt 0:02:31]} 15. Nd2 {[%emt 0:00:20]} 1/2-1/2

[Event "VIII Iberoamericano Mexico 2022"]
[Site "Mexico City"]
[Date "2022.02.19"]
[Round "9.22"]
[White "Perez Rodriguez, Luis Manuel"]
[Black "Zacarias Rodriguez, Santiago"]
[Result "1-0"]
[WhiteElo "2324"]
[BlackElo "1896"]
[Annotator "NA"]
[PlyCount "205"]
[EventDate "2022.02.12"]
[EventType "swiss"]
[EventCountry "MEX"]
[SourceTitle "playchess.com"]
[Source "ChessBase"]
[SourceQuality "1"]
[TimeControl "5400+30"]

1. e4 {[%emt 0:00:04]} c5 {[%emt 0:08:14]} 2. c3 {[%emt 0:00:59]} d5 {[%emt 0:00:52]} 3. exd5 {[%emt 0:00:06]} Qxd5 {[%emt 0:00:13]} 4. d4 {[%emt 0:00:06]} Nc6 {[%emt 0:00:53]} 5. Nf3 {[%emt 0:00:48]} e6 {[%emt 0:02:33]} 6. Be3 {[%emt 0:07:14]} cxd4 {[%emt 0:05:17]} 7. cxd4 {[%emt 0:01:09]} Nf6 {[%emt 0:00:54]} 8. Nc3 {[%emt 0:00:29]} Qa5 {[%emt 0:06:09]} 9. a3 {[%emt 0:05:16]} Nd5 {[%emt 0:11:54]} 10. Bd2 {[%emt 0:04:38]} Be7 $14 {[%emt 0:04:03]} 11. Bd3 {[%emt 0:11:40]} Qd8 {[%emt 0:06:25]} 12. O-O {[%emt 0:00:36]} Bf6 {[%emt 0:07:05]} 13. Qe2 {[%emt 0:05:01]} Nxc3 {[%emt 0:03:48]} 14. bxc3 {[%emt 0:00:37]} Qd6 {[%emt 0:10:14]} 15. Rfe1 {[%emt 0:02:00]} Bd7 {[%emt 0:01:28]} 16. a4 {[%emt 0:04:02]} b6 {[%emt 0:03:30]} 17. Qe4 {[%emt 0:03:20]} Be7 {[%emt 0:01:41]} 18. Qg4 {[%emt 0:08:55]} f5 {[%emt 0:03:52]} 19. Qxg7 {[%emt 0:02:16]} O-O-O {[%emt 0:00:03]} 20. Qh6 {[%emt 0:00:08]} Kb7 {[%emt 0:05:36]} 21. a5 {[%emt 0:09:32]} Bf8 {[%emt 0:01:37]} 22. Qe3 {[%emt 0:03:09]} bxa5 {[%emt 0:01:07]} 23. Ne5 {[%emt 0:02:44]} Nxe5 {[%emt 0:00:40]} 24. dxe5 {[%emt 0:00:06]} Qc5 {[%emt 0:00:12]} 25. Reb1+ {[%emt 0:07:09]} Kc7 {[%emt 0:03:13]} 26. Ba6 {[%emt 0:03:17]} Bc6 {[%emt 0:07:41]} 27. Rxa5 {[%emt 0:00:54]} Qxe3 {[%emt 0:00:23]} 28. Bxe3 {[%emt 0:00:06]} Rd5 {[%emt 0:02:32]} 29. Bxa7 {[%emt 0:03:05]} Rxa5 {[%emt 0:00:30]} 30. Bb6+ {[%emt 0:00:05]} Kd7 {[%emt 0:00:04]} 31. Bxa5 {[%emt 0:00:12]} Bc5 {[%emt 0:00:38]} 32. Bb4 {[%emt 0:01:22]} Bb6 {[%emt 0:02:08]} 33. Rd1+ {[%emt 0:00:58]} Kc7 {[%emt 0:00:35]} 34. Bd6+ {[%emt 0:00:05]} Kd7 {[%emt 0:00:08]} 35. Bc4 {[%emt 0:00:55]} Rg8 {[%emt 0:00:21]} 36. g3 {[%emt 0:00:50]} Bf3 {[%emt 0:00:22]} 37. Bb5+ {[%emt 0:02:22]} Kc8 {[%emt 0:00:09]} 38. Rd2 {[%emt 0:00:45]} f4 {[%emt 0:00:18]} 39. Ba6+ {[%emt 0:00:14]} Bb7 {[%emt 0:00:21]} 40. Bxb7+ {[%emt 0:00:18]} Kxb7 {[%emt 0:00:01]} 41. Kg2 {[%emt 0:00:21]} fxg3 {[%emt 0:00:04]} 42. hxg3 {[%emt 0:00:17]} Rg6 {[%emt 0:00:11]} 43. Bb4 {[%emt 0:00:31]} Kc7 {[%emt 0:00:47]} 44. c4 {[%emt 0:00:38]} Rg4 {[%emt 0:00:09]} 45. Bd6+ {[%emt 0:01:13]} Kc6 {[%emt 0:00:22]} 46. c5 {[%emt 0:00:23]} Ba5 {[%emt 0:00:19]} 47. Ra2 {[%emt 0:00:08]} Bb4 {[%emt 0:00:09]} 48. Ra7 {[%emt 0:03:40]} h6 {[%emt 0:00:49]} 49. Rf7 {[%emt 0:02:21]} Kd5 {[%emt 0:00:09]} 50. Kf3 {[%emt 0:00:48]} Rc4 {[%emt 0:00:17]} 51. Rh7 {[%emt 0:01:11]} Bxc5 {[%emt 0:01:18]} 52. Bxc5 {[%emt 0:00:16]} Rxc5 {[%emt 0:00:05]} 53. Rxh6 {[%emt 0:00:17]} Rc3+ {[%emt 0:00:02]} 54. Kf4 {[%emt 0:01:08]} Rc4+ {[%emt 0:00:14]} 55. Kg5 {[%emt 0:00:57]} Kxe5 {[%emt 0:00:05]} 56. f4+ {[%emt 0:00:25]} Kd5 {[%emt 0:00:59]} 57. Rh1 {[%emt 0:00:26]} Rc8 {[%emt 0:01:12]} 58. Kg4 {[%emt 0:01:07]} Kd6 {[%emt 0:01:05]} 59. Re1 {[%emt 0:00:59]} Rc5 {[%emt 0:00:39]} 60. Re3 {[%emt 0:00:14]} Rf5 {[%emt 0:02:22]} 61. Re1 {[%emt 0:00:23]} Ke7 {[%emt 0:00:17]} 62. Rh1 {[%emt 0:00:05]} Ra5 {[%emt 0:00:53]} 63. Rh5 {[%emt 0:00:35]} Ra4 {[%emt 0:00:23]} 64. Kg5 {[%emt 0:01:01]} Ra8 {[%emt 0:00:57]} 65. Rh7+ {[%emt 0:00:07]} Kd6 {[%emt 0:00:01]} 66. Rh6 {[%emt 0:00:17]} Ra5+ {[%emt 0:00:26]} 67. Kf6 {[%emt 0:01:41]} Rf5+ {[%emt 0:00:19]} 68. Kg6 {[%emt 0:00:01]} Rf8 {[%emt 0:00:34]} 69. Rh7 {[%emt 0:00:56]} Rg8+ {[%emt 0:00:45]} 70. Rg7 {[%emt 0:00:08]} Rf8 {[%emt 0:00:02]} 71. Kg5 {[%emt 0:00:25]} Rf5+ {[%emt 0:00:05]} 72. Kg4 {[%emt 0:00:10]} Ra5 {[%emt 0:00:41]} 73. Rg5 {[%emt 0:00:35]} Ra4 {[%emt 0:00:02]} 74. Re5 {[%emt 0:00:16]} Ra8 {[%emt 0:00:21]} 75. Kf3 {[%emt 0:00:25]} Ke7 {[%emt 0:01:38]} 76. g4 {[%emt 0:01:16]} Kf7 {[%emt 0:00:17]} 77. Kg3 {[%emt 0:00:28]} Ra4 {[%emt 0:00:23]} 78. Rb5 {[%emt 0:00:26]} Rc4 {[%emt 0:01:19]} 79. Ra5 {[%emt 0:00:11]} Rb4 {[%emt 0:00:18]} 80. Ra7+ {[%emt 0:00:59]} Kg6 {[%emt 0:00:28]} 81. Re7 {[%emt 0:00:42]} Kf6 {[%emt 0:00:07]} 82. Rh7 {[%emt 0:00:14]} Kg6 {[%emt 0:00:20]} 83. Rd7 {[%emt 0:01:00]} Ra4 {[%emt 0:00:53]} 84. g5 {[%emt 0:02:11]} Ra1 {[%emt 0:00:52]} 85. Re7 {[%emt 0:00:41]} Re1 {[%emt 0:00:55]} 86. Kg4 {[%emt 0:00:15]} Rg1+ {[%emt 0:00:13]} 87. Kf3 {[%emt 0:00:18]} Re1 {[%emt 0:00:14]} 88. Re8 {[%emt 0:00:41]} Kf7 {[%emt 0:00:32]} 89. Rh8 {[%emt 0:00:58]} Rf1+ {[%emt 0:00:32]} 90. Ke3 {[%emt 0:00:27]} Re1+ {[%emt 0:00:42]} 91. Kf2 {[%emt 0:00:21]} Ra1 {[%emt 0:00:21]} 92. Rh6 {[%emt 0:00:59]} Ra4 {[%emt 0:00:37]} 93. Kf3 {[%emt 0:00:07]} Ra3+ {[%emt 0:00:33]} 94. Kg4 {[%emt 0:00:24]} Re3 {[%emt 0:00:09]} 95. Rh7+ {[%emt 0:00:37]} Kg6 {[%emt 0:00:31]} 96. Re7 {[%emt 0:00:11]} Re2 {[%emt 0:00:50]} 97. Rxe6+ {[%emt 0:00:17]} Rxe6 {[%emt 0:00:11]} 98. f5+ {[%emt 0:00:05]} Kf7 {[%emt 0:00:03]} 99. fxe6+ {[%emt 0:04:15]} Kxe6 {[%emt 0:00:01]} 100. Kh5 {[%emt 0:00:06]} Kf7 {[%emt 0:00:14]} 101. Kh6 {[%emt 0:00:31]} Kg8 {[%emt 0:00:06]} 102. Kg6 {[%emt 0:00:27]} Kh8 {[%emt 0:00:03]} 103. Kf7 {[%emt 0:05:04]} 1-0

[Event "VIII Iberoamericano Mexico 2022"]
[Site "Mexico City"]
[Date "2022.02.19"]
[Round "9.23"]
[White "Avila Bautista, Roberto Al"]
[Black "Lopez Gonzalez, Abel Fabian"]
[Result "0-1"]
[WhiteElo "2090"]
[BlackElo "2379"]
[Annotator "NA"]
[PlyCount "114"]
[EventDate "2022.02.12"]
[EventType "swiss"]
[EventCountry "MEX"]
[SourceTitle "playchess.com"]
[Source "ChessBase"]
[SourceQuality "1"]
[TimeControl "5400+30"]

1. Nf3 {[%emt 0:04:28]} d5 {[%emt 0:06:17]} 2. g3 {[%emt 0:03:05]} Bg4 {[%emt 0:00:08]} 3. Bg2 {[%emt 0:00:15]} Nd7 {[%emt 0:00:10]} 4. c4 {[%emt 0:01:31]} c6 {[%emt 0:00:18]} 5. b3 {[%emt 0:05:11]} e5 {[%emt 0:00:10]} 6. O-O {[%emt 0:00:46]} Bd6 {[%emt 0:00:33]} 7. Bb2 $11 {[%emt 0:02:15]} d4 {[%emt 0:02:12]} 8. Qc2 {[%emt 0:01:05]} Nh6 {[%emt 0:00:51]} 9. e3 {[%emt 0:02:43]} Qf6 {[%emt 0:01:56]} 10. Ne1 {[%emt 0:42:01]} Be2 {[%emt 0:01:05]} 11. exd4 {[%emt 0:01:49]} Bxf1 {[%emt 0:02:37]} 12. Bxf1 {[%emt 0:03:17]} exd4 {[%emt 0:04:16]} 13. Qe4+ {[%emt 0:00:25]} Qe5 {[%emt 0:01:12]} 14. Qxd4 {[%emt 0:00:30]} Qxd4 {[%emt 0:04:10]} 15. Bxd4 {[%emt 0:00:08]} Be5 {[%emt 0:00:02]} 16. Bxe5 {[%emt 0:00:56]} Nxe5 {[%emt 0:00:02]} 17. d4 {[%emt 0:00:33]} Nd7 {[%emt 0:01:25]} 18. Nc3 {[%emt 0:02:52]} O-O-O {[%emt 1:12:06]} 19. Nd3 {[%emt 0:02:33]} Nf6 {[%emt 0:00:00]} 20. Ne2 {[%emt 0:04:52]} Rhe8 {[%emt 0:00:00]} 21. Rd1 {[%emt 0:00:52]} g5 {[%emt 0:00:00]} 22. Nb4 {[%emt 0:02:48]} c5 {[%emt 0:00:00]} 23. Nc2 {[%emt 0:02:37]} cxd4 {[%emt 0:00:00]} 24. Rxd4 {[%emt 0:05:10]} Nf5 {[%emt 0:00:00]} 25. Rxd8+ {[%emt 0:02:46]} Rxd8 {[%emt 0:00:00]} 26. Nc3 {[%emt 0:03:06]} Rd2 {[%emt 0:00:00]} 27. Ne1 {[%emt 0:02:54]} Nd4 {[%emt 0:00:00]} 28. h3 {[%emt 0:01:48]} Kb8 {[%emt 0:00:00]} 29. Kg2 {[%emt 0:00:36]} g4 {[%emt 0:00:00]} 30. Kg1 {[%emt 0:01:02]} Nf3+ {[%emt 0:00:00]} 31. Nxf3 {[%emt 0:00:03]} gxf3 {[%emt 0:00:00]} 32. g4 {[%emt 0:00:15]} Rc2 {[%emt 0:00:00]} 33. Nb5 {[%emt 0:00:09]} Rd2 {[%emt 0:00:00]} 34. Nc3 {[%emt 0:00:02]} a6 {[%emt 0:00:00]} 35. g5 {[%emt 0:00:13]} Rc2 {[%emt 0:00:00]} 36. gxf6 {[%emt 0:00:55]} Rxc3 {[%emt 0:00:00]} 37. Kh2 {[%emt 0:00:18]} Kc7 {[%emt 0:00:00]} 38. c5 {[%emt 0:00:46]} Rxc5 {[%emt 0:00:00]} 39. Bd3 {[%emt 0:00:33]} Rg5 {[%emt 0:00:00]} 40. Bxh7 {[%emt 0:00:54]} Rg2+ {[%emt 0:00:00]} 41. Kh1 {[%emt 0:00:01]} Rxf2 {[%emt 0:00:00]} 42. Be4 {[%emt 0:00:49]} Rxa2 {[%emt 0:00:00]} 43. Bxf3 {[%emt 0:00:07]} Rf2 {[%emt 0:00:00]} 44. Be4 {[%emt 0:01:10]} b5 {[%emt 0:00:00]} 45. Kg1 {[%emt 0:00:50]} Rxf6 {[%emt 0:00:00]} 46. Kg2 {[%emt 0:00:25]} Kd6 {[%emt 0:00:00]} 47. Kg3 {[%emt 0:00:23]} Ke5 {[%emt 0:00:00]} 48. Bb1 {[%emt 0:00:33]} Rc6 {[%emt 0:00:00]} 49. h4 {[%emt 0:00:25]} Rc3+ {[%emt 0:00:00]} 50. Kg4 {[%emt 0:00:05]} Rxb3 {[%emt 0:00:00]} 51. Bc2 {[%emt 0:00:12]} Rb2 {[%emt 0:00:00]} 52. Bd3 {[%emt 0:00:11]} Rg2+ {[%emt 0:00:00]} 53. Kh5 {[%emt 0:00:43]} f5 {[%emt 0:00:00]} 54. Kh6 {[%emt 0:00:29]} f4 {[%emt 0:00:00]} 55. h5 {[%emt 0:00:09]} f3 {[%emt 0:00:00]} 56. Kh7 {[%emt 0:00:05]} Rd2 {[%emt 0:00:00]} 57. Bf1 {[%emt 0:00:05]} Rd1 {[%emt 0:19:30]} 0-1